[Event "Naperville Diesen Memorial"]
[Site "Naperville"]
[Date "2022.09.26"]
[Round "9"]
[White "Shankar, Gauri CM"]
[Black "Meduri, Aakaash"]
[Result "1-0"]
[WhiteElo "2311"]
[BlackElo "2063"]
[PlyCount "61"]
[EventDate "2022.09.22"]
[EventType "tourn"]
[EventRounds "9"]
[EventCountry "USA"]
[SourceTitle "CBM 210 Extra"]
[Source "ChessBase"]
[SourceDate "2022.11.30"]
[SourceVersion "1"]
[SourceVersionDate "2022.11.30"]
[SourceQuality "1"]

1. Nf3 d5 2. g3 Bg4 3. Bg2 e6 4. 0-0 Nd7 5. h3 Bh5 6. d3 Be7 7. e4 c6 8. Nbd2 h6 9. Qe2 dxe4 10. dxe4 Ngf6 11. Rd1 0-0 12. e5 Ne8 13. Nc4 Qc7 14. g4 Bg6 15. Bf4 Rd8 16. Bg3 Nb6 17. Rxd8 Qxd8 18. Rd1 Qb8 19. Nd6 Nc7 20. c4 Rd8 21. Nd4 Ne8 22. c5 Nd5 23. f4 Nec7 24. Rf1 Rf8 25. f5 Bh7 26. Be4 Na6 27. fxe6 Bxe4 28. exf7+ Rxf7 29. Rxf7 Bxd6 30. cxd6 Kxf7 31. Qxe4 1-0

[Event "Chicago op 19th"]
[Site "Wheeling"]
[Date "2010.05.30"]
[Round "6"]
[White "Shankar, Gauri CM"]
[Black "Gurczak, John"]
[Result "1-0"]
[WhiteElo "2289"]
[BlackElo "2069"]
[PlyCount "106"]
[EventDate "2010.05.27"]
[EventType "swiss"]
[EventRounds "9"]
[EventCountry "USA"]
[SourceTitle "CBM 136 Extra"]
[Source "ChessBase"]
[SourceDate "2010.07.02"]
[SourceVersion "2"]
[SourceVersionDate "2010.07.15"]
[SourceQuality "1"]

1. e4 c5 2. Nc3 Nc6 3. g3 g6 4. Bg2 Bg7 5. d3 d6 6. Be3 Rb8 7. Qd2 b5 8. Nge2 e6 9. 0-0 Nge7 10. Bh6 0-0 11. Bxg7 Kxg7 12. f4 Qc7 13. g4 f5 14. gxf5 exf5 15. Rae1 b4 16. Nd5 Nxd5 17. exd5 Ne7 18. c4 bxc3 19. Qxc3+ Kg8 20. Nd4 Rb4 21. Nc2 Ra4 22. Rf2 Ba6 23. d4 Nc8 24. b4 c4 25. a3 Bb5 26. Rfe2 a5 27. h4 Qg7 28. bxa5 Bd7 29. Rb1 Na7 30. Rb7 Nb5 31. Qe3 c3 32. Qe7 Nxd4 33. Qxg7+ Kxg7 34. Rxd7+ Rf7 35. Rxf7+ Kxf7 36. Nxd4 Rxd4 37. Rc2 Rxf4 38. a6 Ra4 39. Rxc3 Rxa6 40. Rc7+ Kf6 41. Rc6 Rxa3 42. Rxd6+ Ke7 43. Rb6 h5 44. Rxg6 Ra4 45. Rg5 Rxh4 46. Rxf5 Rb4 47. Rxh5 Rb2 48. Rh6 Rd2 49. Kh2 Kd7 50. Kg3 Rd3+ 51. Kf4 Rd4+ 52. Ke5 Rd1 53. Bh3+ Kd8 1-0